00946nam a2200277 450000500170000000800410001702000150005804000290007304100080010204400080011008200180011810000300013624501000016624600260026626000450029230000660033750000480040350000220045150400420047365000200051565000340053565000280056965000130059770000280061070000300063820191224041647.0011210s2001 nyua 001 0 eng  a0471309249 aUKMcUKMdDLCdCO-BoIAVH0 aeng axxu00a526.982bM63i1 aMikhail, Edward M.eautor10aIntroduction to modern photogrammetry /cEdward M. Mikhail, James S. Bethel y J. Chris McGlone.30aModern photogrammetry aNew York :aChichester :bWiley,cc2001. aix, 479 páginas :bilustraciones ;c26 x 18 cm. +e1 CD-ROM aUn CD-ROM detrás de la portada del libro. aIncluye índice. aIncluye referencias bibliográficas.16aFotogrametría16aFotogrametríaxinstrumentos24aFotogrametría digital26aSensores1 aBethel, James S.eautor1 aMcGlone, J. Chris.eautor